000 00981cab a2200241 4500
001 WB3127-29
008 090401t1995 xxu||||| |||| 00| 0 eng d
035 _a(Sirsi) u29003
041 _aeng
245 _aConservation area
260 _c1995
350 _a0
490 _aEstates Gazette Case Summaries
_v(1995) EGCS 120(1) (8/7/95)
520 _a"R v Surrey CC, ex parte Oakimber Ltd" 27 June 1995. The applicant challenged the CC`s designation of a large area as a conservation area. Held that planning authorities were not expected to only designate a parcel of land, on which there was a building or some historic interest to protect but could consider the whole of an area.
650 _aBROOKLANDS
650 _aCONSERVATION AREAS
650 _aDESIGNATION
650 _aMOTOR-RACING CIRCUIT
650 _aPLANNING (LISTED BUILDINGS AND CONSERVATION AREAS) ACT 1990 S69
690 _aPLANNING LAW AND PRACTICE-CASE LAW
942 _n0
948 _c04/03/1997
999 _c19519
_d19519